A corner of a foreign field : (Record no. 143181)

MARC details
000 -LEADER
fixed length control field 00803nam a22001937a 4500
005 - DATE AND TIME OF LATEST TRANSACTION
control field 20170809114238.0
010 ## - LCCN (DPL NO)
LC control number B-6664976
020 ## - INTERNATIONAL STANDARD BOOK NUMBER
International Standard Book Number 9780143427681
Terms of availability 499.00
035 ## - SYSTEM CONTROL NUMBER
System control number B-6664976
037 ## - SOURCE OF ACQUISITION
Stock number dpl
Source of stock number/acquisition Blueberry/Ven
082 ## - DEWEY DECIMAL CLASSIFICATION NUMBER
Classification number 796.3580954
100 ## - MAIN ENTRY--PERSONAL NAME
Personal name Guha, Ramachandra
245 ## - TITLE STATEMENT
Title A corner of a foreign field :
Statement of responsibility, etc by Ramachandra Guha
Remainder of title the Indian history of a british sport /
260 ## - PUBLICATION, DISTRIBUTION, ETC. (IMPRINT)
Place of publication, distribution, etc Gurgaon
Name of publisher, distributor, etc Penguin Group
Date of publication, distribution, etc 2014
270 ## - ADDRESS
Address 7th Floor, Infinity Tower C, DLF Cyber City
City Gurgaon
Postal code 122002, Haryana, India
300 ## - PHYSICAL DESCRIPTION
Extent 525p.
Dimensions 22cm(pb)
942 ## - ADDED ENTRY ELEMENTS (KOHA)
Source of classification or shelving scheme Dewey Decimal Classification
Item type English Books
Classification part 796.3580954
Call number suffix GUH
Holdings
Withdrawn status Lost status Not for loan Collection code Home library Current library Date acquired Source of acquisition Cost, normal purchase price Full call number Barcode Copy number Cost, replacement price Koha item type
      Non-fiction Ashok Vihar Ashok Vihar 09/08/2017 BPPD/EN/2015-16/AV/2016-17/390/15.02.2017/IN16115/27.02.2017/07.03.2017 499.00 796.3580954 GUH B-664976 1 499.00 English Books

© Delhi Public Library
Hit Counter
free hit counter